000 00556nam a2200181Ia 4500
003 GCL
008 140319s9999 xx 000 0 ara d
040 _aGCL /
_cGCL
082 0 4 _a360
_bس ا
100 1 _aسامية محمد فهمى
245 1 0 _aالادارة فى المؤسسات الاجتماعية /
_cسامية محمد فهمى
260 _a[S.N] :
_bالمكتب الجامعى الحديث
300 _a268 ص
490 _a
650 0 4 _aتنظيم وادارة
650 0 4 _aالمؤسسات الاجتماعية
942 _2ddc
_cBK
999 _c55094
_d55094